La X - Bryant Myers, Jay Wheeler - Estadísticas

Estadísticas generales
  • Esta prueba ha sido intentada 90 veces
  • La puntuación promedio es 227 de 445
Estadísticas de respuestas
Letra % Correcto
a
100%
acabó
50%
Accord
50%
al
50%
Al
50%
aquí
50%
así
50%
aunque
50%
Baby
50%
baby
50%
bad
50%
Balvin
50%
bitch
50%
Black
50%
boss
50%
Bryant
50%
Bunny
50%
buscar
50%
busque
50%
cabrón
50%
cago
50%
cambiaste
50%
capsuleando
50%
castillo
50%
cayó
50%
cerré
50%
chinguemo
50%
Ciudad
50%
coge
50%
color
50%
como
50%
con
50%
Con
50%
construí
50%
contigo
50%
Contigo
50%
cora
50%
creciste
50%
culpo
50%
Cupido
50%
de
50%
dejaste
50%
del
50%
después
50%
devuelvo
50%
di
50%
día
50%
difícil
50%
Dile
50%
diseñador
50%
Disney
50%
dispuesta
50%
Dolce
50%
dónde
50%
donde
50%
el
50%
El
50%
en
50%
enamorarme
50%
encima
50%
era
50%
ere
50%
error
50%
es
50%
esa
50%
ese
50%
eso
50%
estado
50%
estés
50%
estuvo
50%
fácil
50%
fallaste
50%
Favorita
50%
final
50%
foto
50%
frente
50%
frío
50%
fue
50%
fuera
50%
fui
50%
Fui
50%
fuiste
50%
gafa
50%
Gángster
50%
guardá
50%
Gucci
50%
has
50%
Hoy
50%
Hugo
50%
huracá
50%
irme
50%
ja
50%
Jay
50%
juro
50%
la
50%
La
50%
ladrillo
50%
las
50%
Le
50%
lealtad
50%
llega
50%
llevé
50%
lo
50%
lograste
50%
los
50%
Louis
50%
mandó
50%
maquinón
50%
más
50%
me
50%
Me
50%
metí
50%
50%
Mi
50%
mile
50%
Millo
50%
mismo
50%
monté
50%
mouse
50%
mucho
50%
muerdo
50%
mundo
50%
Myers
50%
no
50%
No
50%
nube
50%
nunca
50%
OASIS
50%
otra
50%
otro
50%
pa
50%
Pa
50%
pero
50%
Pero
50%
poca
50%
Por
50%
por
50%
Porsche
50%
princesa
50%
puerta
50%
puse
50%
puso
50%
que
50%
qué
50%
quedaste
50%
Quédate
50%
quédate
50%
queen
50%
quién
50%
quiero
50%
razones
50%
recogí
50%
recuerdo
50%
repetir
50%
residente
50%
rico
50%
salir
50%
saliste
50%
se
50%
50%
seguir
50%
Si
50%
si
50%
50%
sin
50%
Sol
50%
sola
50%
solo
50%
taxi
50%
te
50%
Te
50%
tenía
50%
ti
50%
tiempo
50%
tipo
50%
to
50%
todo
50%
traté
50%
50%
50%
un
50%
veo
50%
ver
50%
vestir
50%
vi
50%
viajar
50%
viera
50%
volver
50%
voy
50%
Voz
50%
vuelvo
50%
Walt
50%
Wheeler
50%
X
50%
y
50%
Y
50%
Ya
50%
ya
50%
Yeah
50%
yeah
50%
Yo
50%
yo
50%
Panda
0%
No se encontraron pruebas coincidentes
Distribución de puntuación
Porcentaje de gente con cada puntuación
Porcentaje por número respondido
Historial de tus puntuaciones
No has intentado esta prueba.